000 00332 a2200157 4500
001 170711
020 _a
040 _cMagnum
100 _aHerr, Nicole
240 1 0 _aAprendendo a ler com o jornal
_lpor
245 1 0 _aAprendendo a ler com o jornal
362 0 _a1899
440 1 _aDimensão
697 _aENSINO
942 _cBK
999 _c170711
_d170711